El rey se divierte : (Record no. 105477)

MARC details
000 -LEADER
campo de control de longitud fija 01021nam a2200277 i 4500
001 - NÚMERO DE CONTROL
campo de control 105477
003 - IDENTIFICADOR DE NÚMERO DE CONTROL
campo de control ES-MaACL
005 - FECHA Y HORA DE LA ÚLTIMA TRANSACCIÓN
campo de control 20250913063052.0
007 - CAMPO FIJO DE DESCRIPCIÓN FÍSICA--INFORMACIÓN GENERAL
campo de control de longitud fija t|
008 - DATOS DE LONGITUD FIJA--INFORMACIÓN GENERAL
campo de control de longitud fija 060719s1955 sp ||||1| spa d
040 ## - FUENTE DE CATALOGACIÓN
Centro/agencia transcriptor ES-MaACL
080 ## - NÚMERO DE LA CLASIFICACIÓN DECIMAL UNIVERSAL
Número de la Clasificación Decimal Universal 929 Felipe (460) IV
080 ## - NÚMERO DE LA CLASIFICACIÓN DECIMAL UNIVERSAL
Número de la Clasificación Decimal Universal 394.012(460)"16"
100 1# - ENTRADA PRINCIPAL--NOMBRE DE PERSONA
Nombre de persona Deleito y Piñuela, José,
Fechas asociadas al nombre 1879-1957
9 (RLIN) 43365
Término indicativo de función/relación Autor
245 13 - MENCIÓN DEL TÍTULO
Título El rey se divierte :
Resto del título (recuerdos de hace tres siglos) /
Mención de responsabilidad, etc. José Deleito y Piñuela.
250 ## - MENCION DE EDICION
Mención de edición Segunda edición
260 ## - PUBLICACIÓN, DISTRIBUCIÓN, ETC.
Lugar de publicación, distribución, etc. Madrid :
Nombre del editor, distribuidor, etc. Espasa-Calpe,
Fecha de publicación, distribución, etc. 1955.
300 ## - DESCRIPCIÓN FÍSICA
Extensión 318 páginas, [7] hojas de láminas :
Otras características físicas ilustrado blanco y negro ;
Dimensiones 22 cm.
600 04 - PUNTO DE ACCESO ADICIONAL DE MATERIA--NOMBRE DE PERSONA
Nombre de persona Felipe
Numeración IV,
Títulos y otros términos asociados al nombre Rey de España
9 (RLIN) 49181
650 14 - PUNTO DE ACCESO ADICIONAL DE MATERIA--TÉRMINO DE MATERIA
Término de materia o nombre geográfico como elemento de entrada Corte y cortesanos-
Subdivisión geográfica España-
Subdivisión cronológica S.XVII
9 (RLIN) 11384
852 ## - LOCALIZACIÓN
Ubicación ES-MaACL
Número de control de estantería AND-278
Sublocalización o colección R.109595
Nota libre
Ubicación en estantería Depósito 2
itemnumber 109446
Donativo/Legado Donación: Biblioteca Juan Andrade
852 ## - LOCALIZACIÓN
Ubicación ES-MaACL
Número de control de estantería C-35946
itemnumber 109445
Ubicación en estantería Depósito 2
942 ## - ELEMENTOS DE ENTRADA SECUNDARIOS (KOHA)
Tipo de ítem Koha Libro impreso
Suprimir en OPAC No
Holdings
Estatus retirado Estado de pérdida Estado de daño No para préstamo Biblioteca de origen Biblioteca actual Ubicación en estantería Fecha de adquisición Fuente de adquisición Total de préstamos Signatura topográfica completa Código de barras Visto por última vez Precio de reemplazo Tipo de ítem Koha
        Biblioteca del Ateneo de Madrid Biblioteca del Ateneo de Madrid Depósito 2 28/05/2009     C-35946 1180253 23/02/2023 23/02/2023 Libro impreso
        Biblioteca del Ateneo de Madrid Biblioteca del Ateneo de Madrid Depósito 2 17/01/2008     AND-278 1110124 23/02/2023 23/02/2023 Libro impreso